• 首页
  • 本馆介绍
  • 公告通知
  • 最新文献
  • 馆藏检索
  • 电子资源
  • 读者导购
  • 参考咨询
  • 我的图书馆
  • 登录
  • 详细信息显示
  • 放入我的书架
  • 预约/预借图书
  • 作者相关作品
  • 分类相关作品
  • 丛书相关作品
  • 出版社相关作品

书目信息

  • 表格格式
  • 工作单格式
  • 卡片格式
题名:
中华人民共和国经济史
    
 
作者: 董志凯 , 武力 主编
分册: 下  
出版信息: 北京   社会科学文献出版社  2011.04
页数: 534-1033页
开本: 25cm
丛书名: 国家哲学社会科学成果文库
单 册:
中图分类: F129.71
科图分类:
主题词: 经济史--中国--1953-1957 , 经济史
电子资源:
ISBN: 978-7-5097-2155-1
000 01138oam2 2200301 450
001 010010078808
005 20120619083604.39
010    @a978-7-5097-2155-1@b精装@dCNY130.00,260.00(全2册)
100    @a20110602d2011 em y0chiy50 ea
101 0  @achi@eeng
102    @aCN@b110000
105    @aak z 000yy
106    @ar
200 1  @a中华人民共和国经济史@9zhong hua ren min gong he guo jing ji shi@e1953-1957@h下@f董志凯,武力主编
210    @a北京@c社会科学文献出版社@d2011.04
215    @a534-1033页@c照片@d25cm
225 2  @a国家哲学社会科学成果文库
312    @a封面英文题名:The economic history of the people's republic of China
330    @a本书主要内容包括:工业化战略的确立;第一个五年计划的编制;以政府投资为主的基本建设投资体制;以“156项”为核心的基本建设投资等。
461  0 @12001 @a国家哲学社会科学成果文库
510 1  @aEconomic history of the people's republic of China@zeng
606 0  @a经济史@y中国@z1953-1957
606 0  @a经济史
690    @aF129.71@v4
701  0 @a董志凯@9dong zhi kai@4主编
701  0 @a武力@9wu li@4主编
801  0 @aCN@bRENTIAN@c20110602
905    @b540219-23@dF129.71@e92@f5
    
    中华人民共和国经济史:1953-1957.下/董志凯,武力主编.-北京:社会科学文献出版社,2011.04
    534-1033页:照片;25cm.-(国家哲学社会科学成果文库)
    
    
    ISBN 978-7-5097-2155-1(精装):CNY130.00,260.00(全2册)
    本书主要内容包括:工业化战略的确立;第一个五年计划的编制;以政府投资为主的基本建设投资体制;以“156项”为核心的基本建设投资等。
●
相关链接 在E读中查询图书 在五车中查询图书 在当当中查询图书 在豆瓣中查询图书


正题名:中华人民共和国经济史     索取号:F129.71/92         预约/预借

序号 登录号 条形码 馆藏地/架位号 状态 备注
1 540219   205402198   第一样本阅览室/ [索取号:F129.71/92] 在馆    
2 540220   205402205   第一借阅区/ [索取号:F129.71/92] 在馆    
3 540221   205402214   第一借阅区/ [索取号:F129.71/92] 在馆    
4 540222   205402223   第一借阅区/ [索取号:F129.71/92] 在馆    
5 540223   205402232   第一借阅区/ [索取号:F129.71/92] 在馆    
唐山师范学院图书馆 欢迎您!
大连网信软件有限公司© 版权所有